Tractatus novus legalis, de infirmitate ejusq; privilegiis, & effectibus ... (Registro nro. 71280)

Detalles MARC
000 -ENCABEZADO
Número de control [NR] 02762nam a22003017a 4500
005 - FECHA Y HORA DE LA ÚLTIMA TRANSACCIÓN
control field 20170421084024.0
008 - DE LONGITUD FIJA DE DATOS DE ELEMENTOS - INFORMACIÓN GENERAL
Elementos de longitud fija [NR] 130419s1603||||it |||fr|||||001|0|lat|d
040 ## - FUENTE DE CATALOGACION [NR]
Agencia de catalogación original [NR] Co-BoUCM
Idioma de catalogación [NR] spa
Quien Cataloga Sandra Yazo (modificó)
Quien Clasifica Sandra Yazo (modificó)
041 0# - CODIGO DE IDIOMA [R]
Código de idioma para texto/pista de sonido o título separado [R] Latín
082 04 - NUMERO DE CLASIFICACION DECIMAL DEWEY [R]
Número de clasificación [R] 344
Número de la edición [NR] 20
092 ## - SIGNATURA TOPOGRAFICA LOCAL
Número de clasificación local E06N059
100 1# - ASIENTO PRINCIPAL--NOMBRE PERSONAL [NR]
Nombre personal [NR] Azzi, Tommaso
ID Autoridad 41601
Títulos u otras palabras asociadas al nombre [R] 1561-15..
242 00 - TRADUCCION DEL TITULO POR LA AGENCIA CATALOGADORA [R]
Título [NR] Nuevos aspectos legales sobre la enfermedad, sus privilegios y efectos
Mención de responsabilidad, etc. [NR] de Tomás Azzi
Código de idioma del título traducido [NR] spa
245 10 - MENCION DE TITULO [NR]
Mención de responsabilidad, etc. [NR] Thomae Actii ...
Título [NR] Tractatus novus legalis, de infirmitate ejusq; privilegiis, & effectibus ...
260 ## - PUBLICACION, DISTRIBUCION, ETC. (PIE DE IMPRENTA) [R]
Lugar de publicación, distribución, etc. [R] Venetiis [Venecia] (Italia)
Nombre del editor, distribuidor, etc. [R] Apud Iuntas [Taller de los Giunta]
Fecha de publicación, distribución, etc. [R] 1603
300 ## - DESCRIPCION FISICA [R]
Extensión [R] [22], 280 páginas
Dimensiones [R] 24 x 17 cm.
500 ## - NOTA GENERAL [R]
Nota general [NR] Detalles físicos: Sin encuadernación original, actualmente encuadernación rígida (holandesa con esquinas) en cartón forrado en papel con lomo y esquineras de cuero. Lomo con tejuelos y adornos en dorado. Tapa delantera con endidura en borde vertical. Guardas. Conserva la portada con un grabado con emblema del editor, manchada y varias anotaciones manuscritas algunas tachadas. Dedicatoria. Versos de elogio al autor y su obra en latín y griego. Índice inicial. Remates. Mayúsculas capitales. Texto impreso en una columna con vario tipos y tamaños de letra. Sumarios y párrafos numerados. Signaturas y reclamos. Papel con deformación de plano y manchas. Págs. 131 - 137 con una mancha y perforación (quemadura). Págs. 277-279 con rotura en borde superior
505 2# - NOTA DE CONTENIDO CON FORMATO PREESTABLECIDO [R]
Nota de contenido con formato preestablecido [NR] Significado de las palabras "enfermedad" y "dolencia" ; Enfermedad no es lo mismo que vicio ; La enfermedad en los animales y en los humanos ; Si hay enfermedad en los seres inanimados ; Las causas de la enfermedad ; Descripción de la enfermedad ; Las enfermedades del alma ; La locura ; El peligro de muerte ; La debilidad y las personas débiles ; Comparación de los ancianos con los enfermos ; Las mujeres embarazadas ; Los sordos y los mudos ; Impedimentos en general ; La enfermedad excusa, pero está bajo la ley ; El defensor de los enfermos ; Cómo probar la enfermedad
506 ## - NOTA DE RESTRICCIONES DE ACCESO [R]
Condiciones de acceso [NR] Consulta en sala
546 ## - NOTA DE IDIOMA [R]
Nota de idioma [NR] Texto en latín
650 #7 - ASIENTO SECUNDARIO DE MATERIA - TERMINO TEMATICO [R]
Término temático o nombre geográfico como elemento de entrada [NR] Enfermedades
Subdivisión general [R] Aspectos jurídicos
-- Obras anteriores a 1800
9 (RLIN) 7563
650 #7 - ASIENTO SECUNDARIO DE MATERIA - TERMINO TEMATICO [R]
Término temático o nombre geográfico como elemento de entrada [NR] Enfermos
Subdivisión general [R] Aspectos juridicos
-- Obras anteriores a 1800
9 (RLIN) 14526
650 #7 - ASIENTO SECUNDARIO DE MATERIA - TERMINO TEMATICO [R]
Término temático o nombre geográfico como elemento de entrada [NR] Enfermos
Subdivisión general [R] Aspectos morales
-- Obras anteriores a 1800
9 (RLIN) 14526
650 #7 - ASIENTO SECUNDARIO DE MATERIA - TERMINO TEMATICO [R]
Término temático o nombre geográfico como elemento de entrada [NR] Derecho de salud
Subdivisión general [R] Obras anteriores a 1800
9 (RLIN) 26468
690 ## - ASUNTO AGREGADO LOCAL DE ENTRADA - TÉRMINO TEMÁTICO (OCLC, RLIN)
Acceso temático local Derecho de salud
9 (RLIN) 26468
856 4# - LOCALIZACION Y ACCESO ELECTRONICOS [R]
Identificador Uniforme del Recurso (“URI”) [R] <a href="http://books.google.com.co/books?id=ZsdGAAAAcAAJ&printsec=frontcover&dq=tractatus+novus+legalis&hl=es&sa=X&ei=3nryUYapC4fs9ATBq4Fo&ved=0CFUQ6AEwBw#v=onepage&q=tractatus%20novus%20legalis&f=false">http://books.google.com.co/books?id=ZsdGAAAAcAAJ&printsec=frontcover&dq=tractatus+novus+legalis&hl=es&sa=X&ei=3nryUYapC4fs9ATBq4Fo&ved=0CFUQ6AEwBw#v=onepage&q=tractatus%20novus%20legalis&f=false</a>
Nota dirigida al público [R] Disponible en línea
942 ## - ELEMENTOS DE ENTRADA AGREGADOS (KOHA)
Tipo de ítem principal el descrito en 300a Libro
Edición 1
Tema principal 8
Sistema de clasificación LOCAL
Clasificación E06N059
Existencias
Suprimido Perdido Sistema de clasificación Dañado No prestable Tipo de ítem específico Ubicación habitual Ubicación actual Localización Fecha de creación Forma de adquisición Costo Total préstamos Signatura topográfica Código de barras Última vez visto Ejemplar Price effective from Tipo de ítem
    LOCAL     Libro archivo Archivo Histórico Archivo Histórico Archivo histórico 26/07/2013 Donación 0.00   E06N059 L001022 15/12/2012 Ej.1 03/02/2013 Libro